| 000 | 004870000a22001690004500 | ||
|---|---|---|---|
| 003 | LK-CoMWRAF | ||
| 008 | 230817t ||||| |||| 00| 0 eng d | ||
| 020 | _a981000284X | ||
| 040 |
_aLK-CoMWRAF _dLK-CoMWRAF _eLK-CoMWRAF |
||
| 041 | _aeng | ||
| 082 |
_a152.1 _bMAJ |
||
| 100 | _aMajeed, F.S.A. | ||
| 245 |
_aThe Religion is Simple _bThe Theology of Islam (Tawheed)(The rationale of the six articles of faith) |
||
| 260 |
_bZe Majeed's _aSingapore _c1988 |
||
| 300 | _ap.198 | ||
| 942 | _cBK | ||
| 999 |
_c1136 _d1136 |
||